Estatísticas para Países que começam com a letra "C"

Clique aqui para jogar o quiz

Estatísticas Gerais

  • Esse quiz foi jogado 1 645 vezes
  • A pontuação média é 15 de 19

Estatísticas das Respostas

Países% Correto
CANADÁ
90%
CHINA
90%
COLÔMBIA
90%
CAMARÕES
87%
CHILE
87%
CAZAQUISTÃO
85%
CROÁCIA
84%
CORÉIA DO NORTE
83%
CORÉIA DO SUL
83%
COSTA RICA
81%
CUBA
79%
COSTA DO MARFIM
76%
CAMBOJA
75%
CHIPRE
75%
COMORES
75%
CONGO
75%
CHADE
74%
CABO VERDE
72%
CATAR
70%

Distribuição das Pontuações

Percentil de Números Respondidos

Porcentagem de Pessoas com Cada Pontuação

Sua Pontuação Histórica

Você não jogou esse quiz